| 000 | 00656nam a22002292a 4500 | ||
|---|---|---|---|
| 001 | 28719 | ||
| 003 | BD-RjUL | ||
| 005 | 20211209051324.0 | ||
| 008 | 140331s1932 uk 000 0 eng d | ||
| 035 | _a(BD-RjUL)28801 | ||
| 040 |
_aORL _cORL _dOCL _dBD-RjUL _beng |
||
| 041 | _aeng | ||
| 082 |
_a111 _bADW 1942 |
||
| 100 | 1 |
_aAdler, Alfred, _d1870-1937. _916817 |
|
| 245 | 1 | 0 |
_aWhat life should mean to you / _cEd. by Alan Porter |
| 260 |
_aLondon : _bAllen & Unwin, _c1932 [Reprinted 42] |
||
| 300 |
_a299 p. : _bill. ; _c23 cm. |
||
| 650 | 0 |
_aPsychology _987882 |
|
| 650 | 0 |
_aPsychology, Applied _95669 |
|
| 700 | 1 |
_aPorter, Alan. _987883 |
|
| 942 |
_2ddc _cBK |
||
| 999 |
_c28719 _d28719 |
||